| 000 | 00420nam a2200157 a 4500 | ||
|---|---|---|---|
| 005 | 20140412111426.0 | ||
| 008 | 090629s19uu xx 00 eng d | ||
| 020 | _a0-7498-4446-9 | ||
| 050 |
_aM 510.7 _bM82 1998 |
||
| 100 | _aMorgan, Nicola | ||
| 245 |
_aStarting to count / _cNicola Morgan. |
||
| 260 |
_aGreat Britain : _bEgmont world limited, _c1998. |
||
| 300 | _a32p. | ||
| 440 | _aI can learn | ||
| 999 |
_c106233 _d106233 |
||